Statistiques concernant Culture Générale - Série 1029

Cliquez ici pour prendre le quiz!

Statistiques générales

  • Ce quiz a été pris 52 fois
  • Le résultat moyen est 5 sur 10

Statistiques - réponses

QuestionRéponse% Correct
Dans quelle discipline sportive Didier Drogba s'est-il illustré ?football
98%
Dans quel pays d'Europe le Tibre prend-il sa source ?Italie
83%
On les trouve sur les peignes, sur les fourchettes ou encore sur les bords des timbres, de quoi s'agit-il ?dents
75%
Dans la religion catholique, quel nom porte le pain eucharistique fait de farine sans levain ?hostie
50%
Selon l'expression, quand on se sent mal à l'aise, on est gêné aux...entournures
40%
Dans quel pays d'Afrique vit principalement le peuple dogon ?Mali
35%
En France, dans quelle cathédrale en grès rose peut-on admirer une célèbre horloge astronomique du XVIe siècle ?Strasbourg
33%
Quel ancien gardien de but d'origine corse a remporté la première édition de "La Ferme Célébrités" ?Pascal Olmeta
31%
Quel est le nom de la côte, longue de 40 kilomètres, située entre Cancale et le cap Fréhel ?côte d'Emeraude
12%
En 2010, quel humoriste renoue avec le one-man-show dans un spectacle intitulé "J'ai jamais été aussi vieux" ?Pierre Palmade
12%

Distribution des résultats

Percentile par nombre de réponses

% des personnes avec chaque résultat

Votre développement - résultats

Vous n’avez pas pris ce quiz